000 00659nam a2200217 ar4500
001 1059
003 OSt
005 20240728072707.0
008 081117s xxu 00110 eng d
020 _a0743203186(hpb) :
_cSR94.00
040 _cn
082 0 4 _a658 M276 2002
100 1 _aMagretta, Joan.
245 1 0 _aWhat management is :
_bhow it works and why it's everyone's business /
_cJ. Magretta ; with the collaboration of Nan Stone.
260 _aNew York :
_bFree Press,
_c2002.
300 _ax, 244 p. ;
_b22 cm.
504 _aIncludes bibl. references and index.
650 4 _aManagement.
650 4 _aIndustrial management.
942 _2ddc
_cBK-EN
999 _c1058
_d1058